000 00585nam a2200205 u 4500
001 000020734
005 20200930011143.0
008 100813s2015 dr 001 0 spa d
020 _a9789945018059
040 _aDO-SdBNP
_bspa
_cBNPHU
082 _a782.323
_bM618c
245 0 0 _aMi canto es para ti...
260 _aSanto Domingo :
_bPaulinas,
_c2015.
300 _a584 p. ;
_c14 cm.
500 _aIncluye índice alfabético
590 _aInventariado, 2018/LP
650 4 _aMúsica sacra
_943489
650 4 _aMisa (música)
_943490
910 _aValidado. Control de calidad MFF
999 _c20238
_d20238